Revolta
Descripción Física:
311 pàg. ; 19 cm
Colección:
Biblioteca d'El Poble Català
Materias:
Fons Joan Junyer i Pascual (1909-1994)
Idioma:
Undetermined
MARC
| LEADER | 00000nam a22000005i 4500 | ||
|---|---|---|---|
| 001 | 24790 | ||
| 003 | AGDB | ||
| 005 | 20260324181536.0 | ||
| 008 | 180709s1906 xx ||||| |||||||| ||und|c | ||
| 035 | |a (ES-BaCBU).b71885535 | ||
| 035 | |a 151923 | ||
| 040 | |a ES-BaURL |b cat |e rda |c ES-BaURL | ||
| 100 | |a Pous i Pagès, Josep |d 1873-1952, | ||
| 245 | 1 | 0 | |a Revolta |
| 264 | 1 | |a Barcelona : |b Fidel Giró , |c 1906 | |
| 300 | |a 311 pàg. ; |c 19 cm | ||
| 336 | |a text |b txt |2 rdacontent | ||
| 337 | |a sense mediació |b n |2 rdamedia | ||
| 338 | |a volum |b nc |2 rdacarrier | ||
| 490 | 0 | |a Biblioteca d'El Poble Català | |
| 500 | |a Prové del fons Joan Junyer i Pascual (1909-1994) | ||
| 650 | |a Fons Joan Junyer i Pascual (1909-1994) |9 72777 | ||
| 907 | |a .b71885535 |b 22-06-21 |c 10-07-18 |d 10-07-18 |e m |f a |g p |h und |i xx |j 0 |k 1 | ||
| 908 | |a URL | ||
| 942 | |2 udc |c ARXIU |n 1 | ||
| 952 | |0 0 |1 0 |4 0 |6 F50486 |7 1 |9 98486 |a Arxiu |b Arxiu |d 2025-10-17 |l 0 |o F-504-86 |p 24790 |r 2025-10-17 09:26:16 |w 2025-10-17 |y ARXIU | ||
| 999 | |c 130239 |d 130239 | ||